| 000 | 00704nam a2200229 a 4500 | ||
|---|---|---|---|
| 005 | 20230602064347.0 | ||
| 008 | 140226s2004 mx r 000 0 spa d | ||
| 020 | _a8476586965 | ||
| 035 | _aUPN01000196051 | ||
| 049 | _aCG | ||
| 050 | 4 |
_aBH301 M5.4 _bR6.7 |
|
| 100 | 1 |
_aRodríguez Magda, Rosa María, _d1957- _934999 |
|
| 245 | 1 | 0 |
_aTransmodernidad / _cRosa Ma. Rodríguez Magda. |
| 260 |
_aBarcelona, Esp. : _bAnthropos, _c2004. |
||
| 300 | _a222 p. | ||
| 440 | 0 |
_aPensamiento crítico. _pPensamiento utópico ; _v140 |
|
| 650 | 4 |
_aMODERNISMO (ESTETICA) _915724 |
|
| 650 | 4 |
_aCULTURA - _xASPECTOS SOCIALES _96808 |
|
| 650 | 4 |
_aCivilización _xFilosofía _98016 |
|
| 905 | _aLibro | ||
| 999 |
_c168152 _d168152 |
||